000
00377nam a22001337a 4500
003
SGT
020
_a
9788193719084
082
_a
080
_b
L18T
100
_a
तिवारी, संजयपति
245
_a
ललिता ऑफ्टर शास्त्रीजी
260
_b
नवजागरण प्रकाशन
_c
2018
300
_a
280
942
_2
ddc
_c
BK
999
_c
31506
_d
31506